Guide to JCT Design and Build Contract 2016 (Record no. 115892)

MARC details
000 -LEADER
fixed length control field 00894cam a22002295a 4500
001 - CONTROL NUMBER
control field L159430
008 - FIXED-LENGTH DATA ELEMENTS--GENERAL INFORMATION
fixed length control field 170705s2016 xxk f 000 0 eng d
020 ## - INTERNATIONAL STANDARD BOOK NUMBER
International Standard Book Number 9781859466414
035 ## - SYSTEM CONTROL NUMBER
System control number (Sirsi) u159430
041 0# - LANGUAGE CODE
Language code of text/sound track or separate title eng
050 04 - LIBRARY OF CONGRESS CALL NUMBER
Classification number 692.8
100 1# - MAIN ENTRY--PERSONAL NAME
Personal name Lupton, Sarah
245 00 - TITLE STATEMENT
Title Guide to JCT Design and Build Contract 2016
260 ## - PUBLICATION, DISTRIBUTION, ETC.
Place of publication, distribution, etc. London
Name of publisher, distributor, etc. RIBA
Date of publication, distribution, etc. 2016
520 ## - SUMMARY, ETC.
Summary, etc. Provides a comprehensive analysis of JCT Design and Build Contract 2016. Explains the differences between the 2011 and 2016 contracts. Covers documents, obligations of the contractor, possession and completion, control of the works, sums properly due, payment, indemnity and insurance, default and termination concluding with dispute resolution.
590 ## - LOCAL NOTE (RLIN)
Local note KA
650 24 - SUBJECT ADDED ENTRY--TOPICAL TERM
Topical term or geographic name entry element JCT DESIGN AND BUILD CONTRACT 2016
651 #4 - SUBJECT ADDED ENTRY--GEOGRAPHIC NAME
Geographic name ENGLAND AND WALES
690 ## - LOCAL SUBJECT ADDED ENTRY--TOPICAL TERM (OCLC, RLIN)
Topical term or geographic name as entry element Contracts
9 (RLIN) 6232
942 ## - ADDED ENTRY ELEMENTS (KOHA)
Suppress in OPAC 0
Holdings
Withdrawn status Lost status Source of classification or shelving scheme Damaged status Not for loan Home library Current library Shelving location Date acquired Total Checkouts Full call number Barcode Date last seen Copy number Price effective from Koha item type
    Dewey Decimal Classification     London London Books 05/07/2017   692.8 LUP 30078398 06/08/2019 1 06/08/2019 Book